[Event "AUT-chT2O 0910"]
[Site "Austria"]
[Date "2010.04.18"]
[Round "11.6"]
[White "Roman, Liviu Valeriu"]
[Black "Pakosta, Miroslav"]
[Result "1/2-1/2"]
[WhiteElo "2009"]
[BlackElo "2126"]
[PlyCount "81"]
[EventDate "2009.10.17"]
[EventType "team-tourn"]
[EventRounds "11"]
[EventCountry "AUT"]
[SourceTitle "EXT 2011"]
[Source "ChessBase"]
[SourceDate "2010.11.26"]
[SourceVersion "1"]
[SourceVersionDate "2010.11.26"]
[SourceQuality "1"]
[WhiteTeam "Wiener Neustadt"]
[BlackTeam "Zwettl"]
[WhiteTeamCountry "AUT"]
[BlackTeamCountry "AUT"]

1. e4 d6 2. d4 Nf6 3. Nc3 g6 4. Be3 Bg7 5. f3 0-0 6. Qd2 e5 7. d5 Ne8 8. g4 f5 9. gxf5 gxf5 10. Bg5 Bf6 11. h4 f4 12. Bh3 Ng7 13. Bxc8 Qxc8 14. 0-0-0 Qe8 15. Nh3 Qh5 16. Qe2 Nd7 17. Rdg1 h6 18. Bxf6 Nxf6 19. Rg2 Qf7 20. Nf2 Nfh5 21. Ng4 Kh7 22. Qd2 Ng3 23. Rhg1 N7h5 24. Kb1 Qg7 25. a3 a6 26. Qd3 Rg8 27. Qc4 Qe7 28. Rh2 Rg6 29. Qb4 Rb8 30. Nf2 Qg7 31. Ka2 Kh8 32. Ng4 Nf6 33. Nxf6 Qxf6 34. Qc4 Rg7 35. Qd3 Rbg8 36. Qc4 Qd8 37. Re1 Nh5 38. Qe2 Rg3 39. Rf1 R8g7 40. Qf2 Qg8 41. Qa7 1/2-1/2

[Event "AUT-chT2O 0708"]
[Site "Austria"]
[Date "2008.02.16"]
[Round "8.6"]
[White "Roman, Liviu Valeriu"]
[Black "Stadler, Peter"]
[Result "0-1"]
[WhiteElo "1960"]
[BlackElo "2103"]
[PlyCount "96"]
[EventDate "2007.10.20"]
[EventType "team"]
[EventRounds "11"]
[EventCountry "AUT"]
[SourceTitle "EXT 2009"]
[Source "ChessBase"]
[SourceDate "2008.11.26"]
[SourceVersion "1"]
[SourceVersionDate "2008.11.26"]
[SourceQuality "1"]
[WhiteTeam "Wiener Neustadt"]
[BlackTeam "Zwettl"]
[WhiteTeamCountry "AUT"]
[BlackTeamCountry "AUT"]

1. e4 c5 2. Nf3 e6 3. d4 cxd4 4. Nxd4 Nf6 5. Nc3 d6 6. Be3 a6 7. Be2 b5 8. Bf3 e5 9. Nde2 Be6 10. a3 Be7 11. Bg5 Nbd7 12. Ng3 h6 13. Be3 g6 14. Qd2 h5 15. Bg5 Qc7 16. Nf1 Rd8 17. Ne3 Nb6 18. 0-0 Ng8 19. Ned5 Bxd5 20. Nxd5 Nxd5 21. exd5 Bxg5 22. Qxg5 Qe7 23. Qe3 Qb7 24. a4 Ne7 25. axb5 Qxb5 26. Qd2 0-0 27. c3 Rb8 28. b4 Rfc8 29. Rfc1 Qc4 30. g3 Kg7 31. h4 e4 32. Be2 Qxd5 33. Qxd5 Nxd5 34. Bxa6 Rxc3 35. Rxc3 Nxc3 36. Rc1 Rb6 37. Rxc3 Rxa6 38. b5 Ra1+ 39. Kg2 Rb1 40. Rc6 d5 41. b6 d4 42. Rd6 d3 43. Rd4 f5 44. Rd7+ Kf6 45. b7 Ke6 46. Rg7 d2 47. Rxg6+ Ke5 48. Rg8 d1Q 0-1

[Event "AUT-chT2O 0708"]
[Site "Austria"]
[Date "2008.01.27"]
[Round "7.6"]
[White "Galavics, Hermann"]
[Black "Roman, Liviu Valeriu"]
[Result "1/2-1/2"]
[WhiteElo "2041"]
[BlackElo "1960"]
[PlyCount "60"]
[EventDate "2007.10.20"]
[EventType "team"]
[EventRounds "11"]
[EventCountry "AUT"]
[SourceTitle "EXT 2009"]
[Source "ChessBase"]
[SourceDate "2008.11.26"]
[SourceVersion "1"]
[SourceVersionDate "2008.11.26"]
[SourceQuality "1"]
[WhiteTeam "Lackenbach"]
[BlackTeam "Wiener Neustadt"]
[WhiteTeamCountry "AUT"]
[BlackTeamCountry "AUT"]

1. d4 Nf6 2. c4 c5 3. d5 e6 4. Nc3 exd5 5. cxd5 d6 6. Nf3 g6 7. e4 Bg7 8. Bf4 0-0 9. Be2 Bg4 10. 0-0 Bxf3 11. Bxf3 Re8 12. Re1 a6 13. a4 Qb6 14. a5 Qc7 15. e5 dxe5 16. d6 Qd7 17. Rxe5 Rxe5 18. Bxe5 Nc6 19. Bxf6 Bxf6 20. Ne4 Qf5 21. Nxf6+ Qxf6 22. Bxc6 bxc6 23. Qd2 Qd4 24. Qxd4 cxd4 25. Rc1 Rc8 26. d7 Rd8 27. Rxc6 Rxd7 28. Kf1 Rb7 29. Rb6 Rc7 30. Ke1 Rc2 1/2-1/2